00443cam a22001337a 4500008004000000082001300040245011900053260002700172300001000199650002600209700002700235700002600262700002100288180718b1959 xxu||||| |||| 00| 0 eng d aR83 D279 aNew dimensions in collective bargainingcedited by Harold W. Davey, Howard S. Kaltenborn and Stanley H. Rutterberg aNew YorkbHarperc1959 a203p. aCollective bargaining aRutterberg, Stanley H. aKaltenborn, Howard S. aDavey, Harold W.